Sports Quiz

Random Sports or NHL Quiz

Active NHL Players Who Played in the '90s Quiz Stats

 Plays Quiz not verified by Sporcle

Challenge
Share
Tweet
Embed
Score 0/5 Timer 02:00
0 Plays Today
Debut Player % Correct
1997Joe Thornton
75.8%
1997Patrick Marleau
66.6%
1997Zdeno Chara
60.6%
1999Roberto Luongo
39.1%
1997Matt Cullen
16.3%

You're not logged in!

Compare scores with friends on all Sporcle quizzes.
OR
Log In

You Might Also Like...

Show Comments

Extras

Curator's Pick Oct 2, 2013SourceReportNominate
Tags:Hockey Quiz, NHL Quiz, 1990s, active

Top Quizzes Today


Score Distribution

Your Account Isn't Verified!

In order to create a playlist on Sporcle, you need to verify the email address you used during registration. Go to your Sporcle Settings to finish the process.

Report this User

Report this user for behavior that violates our Community Guidelines.

Details: